| 000 | 00343nam a22001337a 4500 | ||
|---|---|---|---|
| 003 | OSt | ||
| 005 | 20220223102602.0 | ||
| 008 | 220223b |||||||| |||| 00| 0 eng d | ||
| 040 | _cH U | ||
| 082 | _a690 | ||
| 100 |
_aHenok Asfaw Engineer _931244 |
||
| 245 | _aBuilding Construction Practices For Graduate Site Engineers | ||
| 942 |
_2ddc _cBOOKS _n0 |
||
| 999 |
_c31310 _d31310 |
||